000 00537nam a2200181Ia 4500
003 OSt
005 20200814105143.0
008 190216s9999||||xx |||||||||||||| ||und||
020 _a8173713855
040 _coclc
082 _a543
_bKRU/A
100 _aKrupadanam, G L David
_94126
245 0 _aAnalytical Chemistry /
_cG L David Krupadanam ; D Vijaya Prasad
260 _bUniversities Press,
_c2001.
_aHyderbad:
300 _a216p
650 _aAnalyltical Chemistry
942 _cBK
_2ddc
_h543
_iKRU/A
_k543
_mKRU/A
999 _c3138
_d3138